<?xml version="1.0" encoding="UTF-8"?>
<record
    xmlns:xsi="http://www.w3.org/2001/XMLSchema-instance"
    xsi:schemaLocation="http://www.loc.gov/MARC21/slim http://www.loc.gov/standards/marcxml/schema/MARC21slim.xsd"
    xmlns="http://www.loc.gov/MARC21/slim">

  <leader>00595nam a22001337a 4500</leader>
  <datafield tag="999" ind1=" " ind2=" ">
    <subfield code="c">122164</subfield>
    <subfield code="d">122164</subfield>
  </datafield>
  <controlfield tag="005">20230822121705.0</controlfield>
  <controlfield tag="008">210503b           ||||| |||| 00| 0 eng d</controlfield>
  <datafield tag="040" ind1=" " ind2=" ">
    <subfield code="c">PK-LaUMT</subfield>
  </datafield>
  <datafield tag="082" ind1=" " ind2=" ">
    <subfield code="a">RHc 891.558</subfield>
    <subfield code="b">DAR-</subfield>
  </datafield>
  <datafield tag="245" ind1=" " ind2=" ">
    <subfield code="a">Darbar-i-Milli =  &#x62F;&#x631;&#x628;&#x627;&#x631; &#x645;&#x644;&#x6CC; :</subfield>
    <subfield code="b">qaumi zindhgi ki kahani  moasreen ki zabani = &#x642;&#x648;&#x645;&#x6CC; &#x632;&#x646;&#x62F;&#x6AF;&#x6CC; &#x6A9;&#x6CC; &#x6A9;&#x6C1;&#x627;&#x646;&#x6CC; &#x645;&#x639;&#x627;&#x635;&#x631;&#x6CC;&#x646; &#x6A9;&#x6CC; &#x632;&#x628;&#x627;&#x646;&#x6CC; /</subfield>
    <subfield code="c">muntakhiba wa murtaba S M Ikram and Waheed Qureshi = &#x645;&#x646;&#x62A;&#x62E;&#x628;&#x6C1; &#x648; &#x645;&#x631;&#x62A;&#x628;&#x6C1; &#x627;&#x6CC;&#x633; &#x627;&#x6CC;&#x645; &#x627;&#x6A9;&#x631;&#x627;&#x645;  &#x648; &#x648;&#x62D;&#x6CC;&#x62F; &#x642;&#x631;&#x6CC;&#x634;&#x6CC;</subfield>
  </datafield>
  <datafield tag="260" ind1=" " ind2=" ">
    <subfield code="a">Lahore :</subfield>
    <subfield code="b">Majlas-i-Taraqqi Adab,</subfield>
    <subfield code="c">1966</subfield>
  </datafield>
  <datafield tag="300" ind1=" " ind2=" ">
    <subfield code="a">532 p.</subfield>
  </datafield>
  <datafield tag="942" ind1=" " ind2=" ">
    <subfield code="c">BK</subfield>
  </datafield>
  <datafield tag="952" ind1=" " ind2=" ">
    <subfield code="0">0</subfield>
    <subfield code="1">0</subfield>
    <subfield code="4">0</subfield>
    <subfield code="7">0</subfield>
    <subfield code="a">01</subfield>
    <subfield code="b">01</subfield>
    <subfield code="d">2021-05-03</subfield>
    <subfield code="l">0</subfield>
    <subfield code="o">RHc 891.558 DAR-</subfield>
    <subfield code="p">137528</subfield>
    <subfield code="r">2021-05-03 00:00:00</subfield>
    <subfield code="w">2021-05-03</subfield>
    <subfield code="y">BK</subfield>
  </datafield>
</record>
